县级行政区知识问答#27 个旧市 Gejiu Multiple-choice - Statistics

General Stats
  • This quiz has been taken 6 times
  • The average score is 7 of 10
Answer Stats
Question Answer % Correct
个旧市的行政区划隶属于? 红河哈尼族彝族自治州
100%
个旧市因何得名? 彝语音译
100%
个旧市金湖公园的主要特色是? 湖光山色与工业文化
100%
个旧市的“母亲山”是指? 老阴山
100%
个旧市哪一景点融合了法式建筑与铁路历史? 个碧石铁路旧址
67%
个旧市的气候类型属于? 亚热带山地季风气候
50%
个旧市转型后重点发展的文旅项目是什么? 滑翔伞赛事
50%
个旧市温泉资源中被称为“返老还童泉”的是? 丫沙底温泉
50%
个旧市锡矿开采历史约有多少年? 2000年
33%
个旧市哪一民族人口占比最高? 汉族
17%
No matching quizzes found
Score Distribution
Percent of People with Each Score
Percentile by Number Answered
Your Score History
You have not taken this quiz